| 000 | 00838nam a2200229Ia 4500 | ||
|---|---|---|---|
| 003 | GCL | ||
| 008 | 140319s9999 xx 000 0 ara d | ||
| 020 | _a5298909960 | ||
| 040 |
_aGCL / _cGCL |
||
| 082 | 0 | 4 |
_a364 _bع ن |
| 100 | 1 | _aعبدالرحمن بن سليمان المطرودى | |
| 245 | 1 | 0 |
_aنظرة فى مفهوم الارهاب والموقف منه فى الاسلام / _cعبدالرحمن بن سليمان المطرودى |
| 260 |
_aالرياض : _bمركز الملك فيصل ، _c0 |
||
| 300 |
_a80 ص ؛ _c24 سم |
||
| 490 |
_aدراسات معاصرة _v0 |
||
| 650 | 0 | 4 | _aالارهاب |
| 650 | 0 | 4 | _aالجرائم الدولية |
| 650 | 0 | 4 | _aابادة الشعوب |
| 650 | 0 | 4 | _aالارهاب - قوانين وتشريعات |
| 650 | 0 | 4 | _aالارهاب - قانون دولى |
| 942 |
_2ddc _cBK |
||
| 999 |
_c58163 _d58163 |
||